| 000 | 00791nam a2200169 a 4500 | ||
|---|---|---|---|
| 001 | 000039627 | ||
| 005 | 20201002033641.0 | ||
| 008 | 130712s1986 sp 000 0 spa d | ||
| 020 | _a8400062914 | ||
| 245 | 0 | 0 |
_aCrítica semiótica de textos literario hipánicos lenguajes y textos hispánicos : _bvolumen II de las Actas del Congreso Internacional sobre Semiótica e Hispanismo celebrado en Madrid en los días del 20 al 25 de junio de 1983 / _ceditor Miguel Ángel Garrido Gallardo. |
| 260 |
_bConsejo Superior de Investigaciones Cientiíficas, _c1986. |
||
| 300 |
_a2 v. ; _c25 cm. |
||
| 504 | _aIncluye referencias bibliográficas y notas al pie de las páginas | ||
| 504 | _aBibliografía: P. 909 - 917 | ||
| 700 | 1 |
_aGarrido Gallardo, Miguel Ángel, _eed. _965804 |
|
| 999 |
_c39117 _d39117 |
||
| 040 | _aDO-SdBNP | ||